[Event "Tourn. n8671"]
[Site "www.chess-mail.com"]
[Date "2016.05.13"]
[Round "1"]
[White "Wegaman"]
[Black "Francesco"]
[WhiteElo "1950"]
[BlackElo "2020"]
[Result "1-0"]
[Round "1"]
1.d4 d5
2.c4 c6
3.Nb1c3 Bc8g4
4.f3 Bg4f5
5.e4 dxe4
6.fxe4 Bf5g6
7.Ng1f3 e6
8.Bf1e2 Bf8d6
9.O-O Ng8e7
10.Bc1g5 O-O
11.e5 Bd6c7
12.Ra1c1 h6
13.Bg5h4 Nb8d7
14.b3 a6
15.Kh1 Ra8c8
16.Qd1d2 Bg6h7
17.a3 Bc7b6
18.Bh4f2 Ne7f5
19.b4 Bb6a7
20.c5 Ba7b8
21.Be2d3 Bb8c7
22.Nc3e4 Nf5e7
23.Ne4d6 Rc8b8
24.Bd3xh7 Kxh7
25.Bf2e3 Ne7d5
26.Be3f2 Qd8e7
27.Qd2d3 Kh8
28.Qd3d2 f5
29.Nf3h4 Kh7
30.Qd2e2 g5
31.Nh4f3 Nd5f4
32.Qe2c2 g4
33.Nf3g1 h5
34.Bf2g3 Nf4g6
35.Qc2d2 h4
36.Bg3e1 Qe7g7
37.a4 f4
38.Nd6e4 Rb8d8
39.Ne4g5 Kh8
40.Ng5xe6 Qg7h6
41.Ne6xd8 Rf8xd8
42.Qd2b2 h3
43.gxh3 gxh3
44.Rf1f3 Kg7
45.e6 Nd7f6
46.Be1c3 Nf6d5
47.Rf3xh3 Qh6g5
48.Qb2g2 Qg5f5
49.Ng1f3 Nd5e3
50.Qg2g5 Qf5xg5
51.Nf3xg5 Rd8f8
52.Rh3h7 Kf6
53.Rh7xc7 Kxg5
54.Rc1g1 Kf5
55.Rc7f7 Rf8xf7
56.exf7 Ng6h4
57.f8Q Ke4
58.Qf8e7 Kd3
59.Qe7xh4 { resign }
1-0

[Event "Tourn. n8712"]
[Site "www.chess-mail.com"]
[Date "2016.05.13"]
[Round "1"]
[White "Umutkrc"]
[Black "Fbeley"]
[WhiteElo "2039"]
[BlackElo "2049"]
[Result "0-1"]
[Round "1"]
1.e3 e5
2.Nb1c3 d5
3.d4 e4
4.Qd1h5 Ng8f6
5.Qh5e5 Bf8e7
6.Qe5g5 O-O
7.b3 Nb8c6
8.a3 h6
9.Qg5h4 Nf6h7
10.Qh4g3 Be7d6
11.f4 Nh7f6
12.h3 Bd6e7
13.Qg3f2 b6
14.g3 a5
15.Bf1e2 Bc8a6
16.Bc1b2 Qd8d7
17.g4 Nf6h7
18.b4 Ba6xe2
19.Ng1xe2 axb4
20.axb4 Nc6xb4
21.Ra1c1 Qd7d8
22.h4 c5
23.Nc3b5 Qd8d7
24.Nb5c3 Qd7xg4
25.dxc5 bxc5
26.Nc3b5 Qg4d7
27.Qf2g3 Be7f6
28.Bb2xf6 Nh7xf6
29.Rh1g1 Nf6h5
30.Qg3g4 Qd7xg4
31.Rg1xg4 Ra8a2
32.Kd1 Rf8d8
33.Ne2c3 Ra2a5
34.Nb5c7 d4
35.exd4 cxd4
36.Nc3xe4 d3
37.c3 Nb4a2
38.Rc1b1 f5
39.Nc7e6 fxe4
40.Rb1b7 Na2xc3
41.Kd2 Ra5a2
42.Kxc3 Rd8c8
43.Kb3 Rc8c2
44.Rb7b8 Kf7
45.Ne6d8 Ke7
46.Nd8c6 Rc2xc6
47.Kxa2 d2
48.Rg4g1 Rc6c1
49.Rb8b1 Rc1xg1
50.Rb1xg1 e3
{ resign }
0-1

[Event "Tourn. n8734"]
[Site "www.chess-mail.com"]
[Date "2016.05.13"]
[Round "1"]
[White "Matchbox"]
[Black "Francesco"]
[WhiteElo "1820"]
[BlackElo "1970"]
[Result "0-1"]
[Round "1"]
1.e4 c5
2.Ng1f3 d6
3.c4 Ng8f6
4.Nb1c3 Bc8g4
5.Bf1e2 g6
6.h3 Bg4e6
7.d4 cxd4
8.Nf3xd4 Qd8c8
9.Nd4xe6 Qc8xe6
10.Qd1c2 Bf8g7
11.O-O O-O
12.Be2f3 Nb8c6
13.Bc1e3 Nc6e5
14.Bf3e2 b6
15.b3 Ra8c8
16.Rf1d1 { time. }
0-1

[Event "Tourn. n8695"]
[Site "www.chess-mail.com"]
[Date "2016.05.13"]
[Round "1"]
[White "Elogic"]
[Black "Coventry"]
[WhiteElo "1810"]
[BlackElo "1850"]
[Result "0-1"]
[Round "1"]
1.e4 d5
2.exd5 Qd8xd5
3.c4 Qd5d8
4.d4 Ng8f6
5.b3 Bc8f5
6.Nb1c3 c6
7.Bc1f4 e6
8.Bf4xb8 Ra8xb8
9.g3 Bf8b4
10.Ng1e2 Bf5g4
11.Ra1c1 Qd8a5
12.Qd1d2 Nf6e4
13.Qd2f4 Bb4xc3
14.Rc1xc3 Ne4xc3
15.Qf4xb8 Ke7
16.Qb8xb7 Kf6
17.b4 Qa5a3
18.Kd2 Qa3b2
19.Kd3 Bg4f5
20.Ke3 Nc3d1
21.Kf3 Qb2c2
22.Qb7xc6 Rh8c8
 { time }
0-1

[Event "Tourn. n8746"]
[Site "www.chess-mail.com"]
[Date "2016.05.13"]
[Round "1"]
[White "Daquata"]
[Black "Ipswich"]
[WhiteElo "1670"]
[BlackElo "1550"]
[Result "1-0"]
[Round "1"]
1.e4 g6
2.d4 Bf8g7
3.Ng1f3 d6
4.Nb1c3 Ng8f6
5.Bf1e2 O-O
6.O-O Bc8g4
7.h3 Bg4xf3
8.Be2xf3 Nb8c6
9.Bc1e3  { time }
1-0

[Event "Tourn. n8715"]
[Site "www.chess-mail.com"]
[Date "2016.05.13"]
[Round "1"]
[White "Rons"]
[Black "Milkyway"]
[WhiteElo "2580"]
[BlackElo "2279"]
[Result "1-0"]
[Round "1"]
1.e4 d6
2.d4 g6
3.Nb1c3 Bf8g7
4.f4 Ng8f6
5.Ng1f3 O-O
6.Bf1d3 c5
7.dxc5 dxc5
8.e5 Nf6d5
9.Nc3xd5 Qd8xd5
10.Qd1e2 Nb8c6
11.c3 Bc8g4
12.Bd3e4 Qd5d7
13.Bc1e3 b6
14.Ra1d1 Qd7c7
15.O-O Ra8d8
16.b4 cxb4
17.cxb4 Rd8xd1
18.Rf1xd1 Nc6xb4
19.a3 Nb4c6
20.Rd1c1 Bg4xf3
21.Be4xf3 { resign }
1-0

[Event "Tourn. n8693"]
[Site "www.chess-mail.com"]
[Date "2016.05.13"]
[Round "1"]
[White "Elogic"]
[Black "Falcoale"]
[WhiteElo "1820"]
[BlackElo "1850"]
[Result "0-1"]
[Round "1"]
1.b3 d5
2.e3 Nb8c6
3.Bf1b5 Bc8d7
4.Bc1b2 a6
5.Bb5xc6 Bd7xc6
6.Nb1c3 Ng8f6
7.d3 e6
8.a4 Bf8b4
9.Ng1e2 O-O
10.O-O Bb4e7
11.d4 Nf6d7
12.Qd1d3 f5
13.g3 Nd7f6
14.Ne2f4 Nf6e4
15.Nc3xe4 fxe4
16.Qd3e2 b5
17.Nf4xe6 Qd8d7
18.Ne6xf8 Ra8xf8
19.Bb2a3 b4
20.Ba3b2 a5
21.c3 Bc6b7
22.c4 dxc4
23.Qe2xc4 Bb7d5
24.Qc4b5 Qd7xb5
25.axb5 Bd5xb3
26.Ra1xa5 Rf8b8
27.Kg2 Bb3c4
28.Rf1c1 Bc4xb5
29.Rc1xc7 Be7d8
30.Ra5xb5 Bd8xc7
31.Rb5xb8 Bc7xb8
 { time }
0-1

[Event "Tourn. n8738"]
[Site "www.chess-mail.com"]
[Date "2016.05.13"]
[Round "1"]
[White "Fabos12"]
[Black "B0zata"]
[WhiteElo "1820"]
[BlackElo "1799"]
[Result "0-1"]
[Round "1"]
1.Ng1f3 d5
2.d4 g6
3.c4 Bf8g7
4.Nb1c3 dxc4
5.e4 Bc8g4
6.Bf1xc4 Bg7xd4
7.Qd1xd4 Qd8xd4
8.Nf3xd4 e5
9.Nd4b5 Nb8a6
10.f3 Bg4d7
11.Bc1e3 Ng8f6
12.O-O-O c5
13.Nb5d6 Ke7
14.Be3g5 Bd7c6
15.Nd6xf7 b5
16.Nf7xh8 bxc4
17.Nh8xg6 hxg6
18.Nc3d5 Bc6xd5
19.Rd1xd5 Ke6
20.Rh1d1 Nf6xd5
21.Rd1xd5 Ra8c8
22.Kc2 Na6b4
23.Kc3 Nb4xd5
24.exd5 Kxd5
25.h4 Rc8b8
26.b3 cxb3
27.axb3 Rb8b4
28.g3 Rb4d4
29.Bg5e3 Rd4d1
30.f4 e4
31.Be3f2 Rd1d3
32.Kc2 a6
33.f5 Rd3f3
{ resign }
0-1

[Event "Tourn. n8728"]
[Site "www.chess-mail.com"]
[Date "2016.05.13"]
[Round "1"]
[White "Fabos12"]
[Black "Elogic"]
[WhiteElo "1800"]
[BlackElo "1860"]
[Result "1-0"]
[Round "1"]
1.d4 Ng8f6
2.c4 e6
3.Nb1c3 c6
4.Bc1g5 Bf8e7
5.Bg5xf6 Be7xf6
6.e4 Qd8b6
7.Qd1d2 Bf6xd4
8.Ra1c1 Bd4xc3
9.Qd2xc3 O-O
10.c5 Qb6d8
11.Bf1c4 b5
12.Bc4b3 Qd8h4
13.Qc3e5 Nb8a6
14.Ng1f3 Qh4g4
15.O-O f6
16.Qe5d4 Na6c7
17.a4 Bc8a6
18.Rf1e1 d5
19.exd5 Qg4xd4
20.Nf3xd4  { time }
1-0

[Event "Tourn. n8781"]
[Site "www.chess-mail.com"]
[Date "2016.05.13"]
[Round "1"]
[White "Viru"]
[Black "Jhzes"]
[WhiteElo "1840"]
[BlackElo "1809"]
[Result "0-1"]
[Round "1"]
1.e4 e5
2.Ng1f3 Nb8c6
3.Bf1c4 Ng8f6
4.d3 Bf8c5
5.Nf3g5 d5
6.Bc4xd5 Nf6xd5
7.Ng5xf7 Kxf7
8.exd5 Qd8xd5
9.O-O Bc8f5
10.Nb1c3 Qd5e6
11.Qd1f3 h5
12.Nc3e4 Bc5e7
13.Bc1e3 Ke8
14.Ra1e1 Bf5g4
15.Ne4g5 Be7xg5
16.Qf3e4 Bg5xe3
17.fxe3 O-O-O
18.h3 Bg4xh3
19.gxh3 Qe6xh3
20.Re1e2 Rd8f8
21.Re2f2 Rf8xf2
22.Rf1xf2 Qh3g3
23.Kf1 h4
24.Qe4f5 Kd8
25.d4 h3
26.dxe5 h2
27.Qf5d3 Ke8
28.e6 h1Q
29.Ke2 Qg3g4
{ resign }
0-1

[Event "Tourn. n8697"]
[Site "www.chess-mail.com"]
[Date "2016.05.13"]
[Round "1"]
[White "Umutkrc"]
[Black "Sargentoabel"]
[WhiteElo "1699"]
[BlackElo "1809"]
[Result "1-0"]
[Round "1"]
1.c3 c5
2.d3 d5
3.h3 Nb8c6
4.Ng1f3 e5
5.Nb1d2 Ng8f6
6.Qd1a4 Qd8c7
7.c4 dxc4
8.Nd2xc4 a6
9.Qa4b3 b5
10.Nc4e3 Bc8e6
11.Qb3c2 Nc6d4
12.Nf3xd4 exd4
13.Ne3d1 Bf8d6
14.e3 O-O
15.e4 c4
16.g3 Ra8c8
17.Bc1d2 cxd3
18.Qc2xc7 Rc8xc7
19.Bf1xd3 Be6c4
20.Ke2 Nf6xe4
21.b3 Ne4xd2
22.Kxd2 Bd6b4
23.Kc2 Bc4d5
24.Kb2 Bd5xh1
25.f4 Bh1f3
26.Ra1b1 Rf8e8
27.a3 Bb4c3
28.Nd1xc3 Rc7xc3
29.Bd3f1 Bf3e2
30.Rb1e1 Rc3e3
31.Kc2 Be2xf1
32.Re1xf1 Re3xg3
33.h4  { time }
1-0

[Event "Tourn. n8698"]
[Site "www.chess-mail.com"]
[Date "2016.05.13"]
[Round "1"]
[White "Scasan55"]
[Black "Tonino1"]
[WhiteElo "2170"]
[BlackElo "2210"]
[Result "0-1"]
[Round "1"]
1.e4 c5
2.c3 Nb8c6
3.d4 cxd4
4.cxd4 d5
5.e5 e6
6.Ng1f3 Qd8b6
7.a3 Ng8e7
8.b4 Ne7f5
9.Bc1e3 Nf5xe3
10.fxe3 Bf8e7
11.Bf1e2 O-O
12.O-O Bc8d7
13.Nb1d2 Ra8c8
14.Ra1c1 a6
15.Nd2b3 a5
16.Nb3c5 Rc8c7
17.Rc1b1 Rf8c8
18.bxa5 Qb6xa5
19.Nc5xd7 Rc7xd7
 { time }
0-1

[Event "Tourn. n8685"]
[Site "www.chess-mail.com"]
[Date "2016.05.13"]
[Round "1"]
[White "Osopanda"]
[Black "Francesco"]
[WhiteElo "1990"]
[BlackElo "1930"]
[Result "0-1"]
[Round "1"]
1.d4 d5
2.c4 c6
3.cxd5 cxd5
4.Nb1c3 Bc8f5
5.Ng1f3 e6
6.g3 Ng8f6
7.Bf1g2 Bf8e7
8.O-O O-O
9.Nf3h4 Bf5g4
10.f3 Bg4h5
11.Qd1d3 Nb8c6
12.e4 dxe4
13.Nc3xe4 Nf6xe4
14.fxe4 Be7xh4
15.gxh4 Qd8xd4
16.Qd3xd4 Nc6xd4
17.Bc1e3 Rf8d8
18.e5 Ra8b8
19.Be3g5 Rd8d7
20.a4 Rb8c8
21.b4 h6
22.Bg5e3 a6
23.Be3xd4 Rd7xd4
24.Bg2xb7 Rc8b8
25.Bb7xa6 Rb8xb4
26.Ba6b5 Rd4xh4
27.Ra1c1 Bh5g6
28.Rf1f2 Rh4g4
29.Kf1 Rg4g5
30.Rc1c8 Kh7
31.h4 Rb4xh4
32.Rc8c5 Rh4h1
33.Ke2 Rh1h5
34.Bb5e8 Rg5xe5
35.Rc5xe5 Rh5xe5
36.Kd2 Re5d5
37.Kc3 f5
38.Be8xg6 Kxg6
39.Kc4 Kf6
40.Kb4 g5
41.a5 f4
42.a6 Rd5d8
43.Kb5 e5
44.a7 Rd8a8
45.Kb6 e4
46.Kb7 Ra8h8
47.Kc6 e3
48.Rf2a2 Kf5
49.Kd5 Rh8d8
50.Kc4 Rd8a8
51.Ra2a6 e2
52.Ra6a1 f3
53.Kd3 Kf4
54.Ra1a4 Kg3
55.Ke3 e1Q
{ resign }
0-1

[Event "Tourn. n8644"]
[Site "www.chess-mail.com"]
[Date "2016.05.13"]
[Round "1"]
[White "Ciappo"]
[Black "Pimax"]
[WhiteElo "2440"]
[BlackElo "2310"]
[Result "1-0"]
[Round "1"]
1.c4 Ng8f6
2.g3 d6
3.Bf1g2 g6
4.Nb1c3 Bf8g7
5.Ng1f3 O-O
6.O-O c6
7.e4 Nb8d7
8.d3 Nd7c5
9.h3 Bc8d7
10.Bc1e3 Nc5e6
11.Qd1d2 Qd8c8
12.Kh2 Qc8c7
13.Ra1e1 b5
14.cxb5 cxb5
15.Re1c1 Qc7b7
16.e5 b4
17.exf6 bxc3
18.bxc3 Bg7xf6
19.Nf3e5 d5
20.f4 Bf6xe5
21.fxe5 Bd7c6
22.Be3h6 Ne6g7
23.d4 Qb7d7
24.c4 dxc4
25.d5 Bc6b7
26.e6 fxe6
27.Qd2c3 Rf8f6
28.Bh6xg7 Kxg7
29.dxe6 Qd7c7
30.Rf1xf6 exf6
31.Rc1d1 { resign }
1-0

[Event "Tourn. n8700"]
[Site "www.chess-mail.com"]
[Date "2016.05.13"]
[Round "1"]
[White "Ff333"]
[Black "Bojan"]
[WhiteElo "1990"]
[BlackElo "2000"]
[Result "0-1"]
[Round "1"]
1.e4 e5
2.Ng1f3 Nb8c6
3.Bf1b5 Qd8f6
4.d3 Nc6a5
5.O-O a6
6.Bc1g5 Qf6g6
7.Bb5a4 b5
8.Ba4b3 Na5xb3
9.axb3 Bc8b7
10.Bg5e3 d6
11.Nf3h4 Qg6e6
12.Nb1c3 Ng8f6
13.h3 Bf8e7
14.Qd1f3 h6
15.Nh4f5 Be7f8
16.Nc3d5 Nf6xd5
17.exd5 Bb7xd5
18.Qf3g4 g6
19.Nf5g3 f5
20.Ng3xf5 Qe6xf5
21.Qg4e2 Bf8e7
22.c4 Bd5b7
23.Rf1d1 g5
24.g4 Qf5g6
25.d4 exd4
26.Be3xd4 Rh8h7
27.Rd1d3 c5
28.Bd4c3 b4
29.Bc3e1 Kd7
30.Ra1d1 Kc7
31.f3 Rh7f7
32.Be1g3 Ra8d8
33.Qe2d2 Bb7xf3
34.Rd1f1 Bf3e4
35.Rf1xf7 Qg6xf7
36.Rd3e3 Be4b7
37.Re3d3 Qf7g6
38.Qd2e3 Rd8e8
39.Qe3xc5 Kd7
40.Rd3d2 Qg6b1
41.Kf2 Re8f8
42.Ke2 Qb1f1
43.Ke3 Rf8f3
{ resign }
0-1

[Event "Match"]
[Site "www.echecsemail.com"]
[Date "2016.05.13"]
[Round "1"]
[White "Cal"]
[Black "Elogic"]
[WhiteElo "1630"]
[BlackElo "1870"]
[Result "1-0"]
[Round "1"]
1.Nb1c3 e5
2.e4 Bf8b4
3.Nc3d5 Bb4d6
4.Ng1f3 c6
5.Nd5e3 b5
6.a3 Bc8b7
7.Ne3f5 Qd8f6
8.d3 h6
9.c3 g6
10.Nf5xd6 Qf6xd6
11.Bc1e3 c5
12.Bf1e2 Ng8f6
13.h3 g5
14.b3 Nb8c6
15.O-O Nf6h7
16.Nf3h2 O-O-O
17.c4 Nc6d4
18.Be3xd4 exd4
19.Be2g4 a6
20.cxb5 axb5
21.Ra1c1 Kb8
22.Qd1d2 Nh7f6
23.Qd2a5  { time }
1-0

[Event "Match"]
[Site "www.echecsemail.com"]
[Date "2016.05.13"]
[Round "1"]
[White "Jhzes"]
[Black "Guidom"]
[WhiteElo "1809"]
[BlackElo "2060"]
[Result "1-0"]
[Round "1"]
1.Nb1c3 e5
2.b3 d5
3.d4 e4
4.f3 exf3
5.exf3 Nb8c6
6.Bc1b2 Bc8e6
7.Ng1e2 Bf8b4
8.g4 Qd8h4
9.Ne2g3 O-O-O
10.Qd1d2 Be6xg4
11.fxg4 Rd8e8
12.Bf1e2 Qh4xg4
13.O-O-O Qg4g6
14.Rh1g1 Qg6h6
15.Qd2xh6 Ng8xh6
16.Nc3xd5 Bb4d6
17.Be2c4 f6
18.Ng3h5 Bd6xh2
19.Rg1xg7 f5
20.Nh5f4 Re8e4
21.Nf4d3 f4
22.Rd1h1 Nh6f5
23.Rg7xc7 { resign }
1-0

[Event "Match"]
[Site "www.echecsemail.com"]
[Date "2016.05.13"]
[Round "1"]
[White "Elogic"]
[Black "Derfel83"]
[WhiteElo "1870"]
[BlackElo "1950"]
[Result "0-1"]
[Round "1"]
1.b3 d5
2.d4 Bc8f5
3.Ng1f3 e6
4.h3 c5
5.g4 Bf5e4
6.Bf1g2 Nb8c6
7.c3 Ra8c8
8.O-O Ng8f6
9.Nf3e5 Nc6xe5
10.dxe5 Be4xg2
11.Kxg2 Nf6d7
12.f4 Bf8e7
13.e3 b5
14.Qd1f3 g6
 { time }
0-1

[Event "Match"]
[Site "www.echecsemail.com"]
[Date "2016.05.13"]
[Round "1"]
[White "Umutkrc"]
[Black "Jhzes"]
[WhiteElo "1780"]
[BlackElo "1809"]
[Result "0-1"]
[Round "1"]
1.e3 e5
2.c3 d5
3.h3 h5
4.a4 e4
5.d3 f5
6.dxe4 fxe4
7.Ng1e2 c6
8.Ne2f4 Ng8f6
9.Nb1a3 g5
10.Nf4g6 Rh8g8
11.Ng6xf8 Rg8xf8
12.c4 Bc8e6
13.cxd5 cxd5
14.b4 Nb8c6
15.Na3b1 Nc6xb4
16.Bc1a3 a5
17.Qd1d4 Nb4c2
18.Kd1 Nc2xd4
19.Ba3xf8 Nd4b3
20.Ra1a3 Qd8b6
21.Bf8g7 Nf6d7
22.Bf1b5 Nb3c5
23.Bg7d4 O-O-O
24.Bd4xc5 Nd7xc5
25.Ke2 Kb8
26.Rh1d1 Nc5d3
27.Ra3b3 d4
28.Bb5c4 Qb6c6
29.Bc4b5 Qc6c2
30.Nb1d2 Be6xb3
31.Rd1b1 dxe3
32.fxe3 Nd3c5
{ resign }
0-1

[Event "Match"]
[Site "www.echecsemail.com"]
[Date "2016.05.13"]
[Round "1"]
[White "Susov"]
[Black "Elogic"]
[WhiteElo "1880"]
[BlackElo "1880"]
[Result "1-0"]
[Round "1"]
1.e4 g6
2.d4 e5
3.d5 c6
4.Nb1c3 Bf8b4
5.a3 Bb4xc3
6.bxc3 cxd5
7.Qd1xd5 Ng8f6
8.Qd5xe5 Qd8e7
9.Qe5xe7 Kxe7
10.Bc1g5 Nb8c6
11.Bg5xf6 Kxf6
12.Bf1d3 Rh8e8
13.f3 d5
14.Ng1e2 dxe4
15.Bd3xe4  { time }
1-0

[Event "Match"]
[Site "www.echecsemail.com"]
[Date "2016.05.13"]
[Round "1"]
[White "Attatroll"]
[Black "Picifarkinca"]
[WhiteElo "1950"]
[BlackElo "1760"]
[Result "0-1"]
[Round "1"]
1.e4 c6
2.Ng1f3 d5
3.exd5 cxd5
4.Nf3e5 Qd8c7
5.d4 Ng8f6
6.c3 Nb8c6
7.Bf1b5 a6
8.Qd1a4 Bc8d7
9.Ne5xc6 bxc6
10.Bb5d3 c5
11.Qa4d1 cxd4
12.cxd4 e6
13.O-O Bf8d6
14.g3 Bd7b5
15.Nb1c3 Bb5xd3
16.Qd1xd3 O-O
17.Bc1g5 Nf6d7
18.Ra1c1 Qc7b7
19.Nc3a4 Rf8c8
20.Rc1xc8 Ra8xc8
21.Rf1c1 Rc8xc1
22.Bg5xc1 Qb7c6
23.b3 Qc6xc1
24.Kg2 Qc1c6
25.f4 Nd7f6
26.Na4c5 a5
27.Qd3c3 Bd6c7
28.h3 Nf6d7
29.b4 axb4
30.Qc3xb4 Bc7d6
31.Qb4a5 Nd7xc5
32.dxc5 Qc6xc5
33.Qa5d8 Bd6f8
34.Qd8a8 Qc5a3
{ resign }
0-1

[Event "Match"]
[Site "www.echecsemail.com"]
[Date "2016.05.13"]
[Round "1"]
[White "Jhzes"]
[Black "Fred"]
[WhiteElo "1809"]
[BlackElo "1960"]
[Result "1-0"]
[Round "1"]
1.d4 e6
2.Bc1f4 f5
3.Ng1f3 Bf8b4
4.c3 Bb4a5
5.e3 h6
6.Nf3e5 Qd8f6
7.Qd1h5 Kd8
8.Ne5f7 Ke7
9.Nf7xh8 d6
10.Nh8g6 Kd8
11.Bf4g3 Kd7
12.Bg3h4 { resign }
1-0

[Event "1/4 Finale"]
[Site "www.chess-mail.com"]
[Date "2016.05.13"]
[Round "1"]
[White "Fjpv"]
[Black "Schwiizer"]
[WhiteElo "2680"]
[BlackElo "2770"]
[Result "0-1"]
[Round "1"]
1.e4 c5
2.c3 e6
3.d4 d5
4.exd5 exd5
5.Ng1f3 Nb8c6
6.Bf1d3 c4
7.Bd3c2 Bf8d6
8.b3 b5
9.a4 b4
10.bxc4 Qd8e7
11.Bc1e3 dxc4
12.Nb1d2 bxc3
13.Nd2xc4 Bc8a6
14.Bc2b3 Ng8f6
15.O-O O-O
16.Rf1e1 Ba6xc4
17.Bb3xc4 Qe7c7
18.Qd1d3 Ra8c8
19.Re1c1 Bd6b4
20.Bc4b3 Qc7d6
21.Ra1b1 a5
22.Rc1c2 Rf8e8
23.g3 Rc8d8
24.Rb1e1 Qd6d7
25.Rc2e2 Re8e7
26.Re1d1 Qd7g4
27.Kg2 h6
28.Qd3a6 Qg4e4
29.Bb3c4 Nc6b8
30.Qa6b6 Rd8c8
31.Qb6b5 Qe4a8
32.Bc4b3 Nb8a6
33.Qb5f5 Na6c7
34.Kg1 Nc7d5
35.Nf3e5 Rc8d8
36.Be3c1 Qa8c8
37.Qf5f3 Re7c7
38.Bc1f4 Bb4a3
39.Bf4c1 Ba3f8
40.Bc1e3 Qc8b8
41.Bb3c2 Nd5b4
42.Bc2b3 Qb8b7
43.Qf3f5 Nb4d5
44.Bb3c2 g6
45.Qf5f3 Bf8g7
46.Rd1b1 Nd5b4
47.Qf3xb7 Rc7xb7
48.Ne5c6 Rd8a8
49.Kg2 Bg7f8
50.Kf3 Rb7d7
51.Nc6e5 Rd7c7
52.Ne5d3 Nf6d5
53.Nd3f4 Nd5e7
54.Rb1c1 Ra8d8
55.Re2e1 Ne7c6
56.Nf4e2 Rd8c8
57.Be3f4 Rc7e7
58.Bf4e3 Bf8g7
59.Re1d1 Nb4a2
60.Rc1a1 Nc6b4
61.h4 Nb4xc2
62.Ra1xa2 Nc2b4
63.Ra2a3 c2
64.Rd1c1 h5
65.Kg2 Bg7f6
66.Kf1 Rc8c4
67.Ra3c3 Re7c7
68.Rc3a3 Nb4d5
69.Ra3a2 Rc7c8
70.Ke1 Bf6e7
71.Be3g5 f6
72.Bg5d2 Nd5b4
73.Ra2a3 Kf7
74.Kf1 Kg7
75.Bd2xb4 Be7xb4
76.Ra3d3 Bb4d6
77.Rd3e3 Kf7
78.Re3d3 Rc4xa4
79.Rd3c3 Rc8xc3
80.Ne2xc3 Bd6a3
81.Rc1xc2 Ra4c4
82.Ke2 Ba3b4
83.Kd3 Rc4xc3
84.Rc2xc3 Bb4xc3
85.Kxc3 Ke6
86.Kc4 Kd6
87.f4 a4
88.Kb4 Kd5
89.Kxa4 Kxd4
90.Kb4 f5
91.Kb5 Ke4
92.Kc5 Kf3
93.Kd4 Kxg3
94.Ke3 Kxh4
95.Kf3 Kh3
96.Kf2 Kg4
{ resign }
0-1

[Event "Eq:Equipo Juan Diaz-Slap Shot Mates : "]
[Site "www.chess-mail.com"]
[Date "2016.05.13"]
[Round "1"]
[White "Geodad5"]
[Black "Ecijaajedrez"]
[WhiteElo "2140"]
[BlackElo "2360"]
[Result "1/2-1/2"]
[Round "1"]
1.e4 c5
2.Ng1f3 d6
3.d4 cxd4
4.Nf3xd4 Ng8f6
5.Nb1c3 e6
6.Bf1e2 a6
7.O-O Bf8e7
8.Bc1e3 O-O
9.f4 Qd8c7
10.Nd4b3 Nb8c6
11.Qd1d2 b5
12.a3 Bc8b7
13.Be2f3 Ra8c8
14.Ra1d1 Rf8d8
15.Qd2f2 Nf6d7
16.Rd1d2 Rd8e8
17.Rf1d1 Nc6a5
18.Nb3xa5 Qc7xa5
19.Nc3b1 Qa5c7
20.Nb1c3 Qc7a5
{ draw }
1/2-1/2

[Event "Tourn. n8712"]
[Site "www.chess-mail.com"]
[Date "2016.05.14"]
[Round "1"]
[White "Fabos12"]
[Black "Umutkrc"]
[WhiteElo "1810"]
[BlackElo "2039"]
[Result "1-0"]
[Round "1"]
1.Ng1f3 e6
2.d4 Nb8c6
3.c4 h6
4.Bc1f4 Ng8f6
5.Nb1c3 Bf8b4
6.Ra1c1 d5
7.cxd5 Nf6xd5
8.Bf4g3 Nd5xc3
9.bxc3 Bb4d6
10.c4 Bd6xg3
11.fxg3 b6
12.e4 O-O
13.Bf1e2 Bc8a6
14.O-O Ba6b7
15.d5 Nc6b4
16.a3 Nb4a6
17.Nf3e5 Na6c5
18.dxe6 Qd8xd1
19.exf7 Kh7
20.Rc1xd1 Nc5e6
21.Be2f3 Ne6g5
22.Rd1d7 Bb7xe4
23.h4 Ng5xf3
24.gxf3 Be4f5
25.Rd7xc7 a5
26.a4 Ra8c8
27.Rc7xc8 Rf8xc8
28.Rf1d1 g6
29.g4 Bf5c2
30.Rd1d7 Kg7
31.Kf2 Bc2xa4
32.Rd7b7 Ba4b3
33.Rb7xb6 Bb3xc4
34.Ne5xc4 Rc8xc4
35.Rb6a6 a4
36.Ra6a7 Rc4c2
37.Kg3 Rc2a2
38.Kf4 a3
39.Ke5 Ra2e2
40.Kd6 a2
41.g5 hxg5
42.hxg5 Kf8
43.f4 Re2e7
44.Ra7xa2 Re7xf7
45.Ra2a4 Rf7f5
46.Ke6 Kg8
47.Ra4a8 Rf5f8
48.Ra8xf8 Kxf8
49.Kf6 { resign }
1-0

[Event "Tourn. n8737"]
[Site "www.chess-mail.com"]
[Date "2016.05.14"]
[Round "1"]
[White "Geretree"]
[Black "Picifarkinca"]
[WhiteElo "1900"]
[BlackElo "1720"]
[Result "0-1"]
[Round "1"]
1.e4 c6
2.d4 d5
3.e5 Bc8f5
4.Bc1f4 e6
5.a3 g5
6.Bf4g3 h5
7.h3 Nb8d7
8.Bf1d3 Ng8h6
9.Qd1xh5 Bf8g7
10.Qh5e2 Qd8b6
11.c3 Bf5xd3
12.Qe2xd3 Qb6xb2
13.Ng1e2 Qb2xa1
14.O-O Qa1b2
15.Ne2c1 Qb2b6
16.Nc1a2 Nh6f5
17.Bg3h2 O-O-O
18.Na2b4 Rh8h4
19.g4 Rd8h8
20.gxf5 Rh4xh3
21.Bh2g3 Rh3h1
22.Kg2 Rh1xf1
23.Qd3xf1 a5
24.f6 Bg7f8
25.Nb4c2 Qb6b2
26.Qf1d1 Nd7b6
27.Nc2e3 Bf8xa3
28.Nb1xa3 Qb2xa3
29.Qd1c1 Qa3xc1
{ resign }
0-1

[Event "Tourn. n8695"]
[Site "www.chess-mail.com"]
[Date "2016.05.14"]
[Round "1"]
[White "Coventry"]
[Black "Sargentoabel"]
[WhiteElo "1850"]
[BlackElo "1809"]
[Result "1-0"]
[Round "1"]
1.d4 d5
2.Bc1f4 Ng8f6
3.e3 c5
4.c3 cxd4
5.exd4 g6
6.Ng1f3 Bf8g7
7.Bf1b5 Bc8d7
8.Bb5xd7 Qd8xd7
9.O-O Nb8c6
10.Nb1d2 O-O
11.Nf3e5 Qd7f5
12.Bf4g3 Rf8c8
13.Nd2f3 Nf6e4
14.Ne5xc6 bxc6
15.Rf1e1 a5
16.Qd1e2 a4
17.a3 e6
18.Nf3e5 c5
19.Ra1d1 Ne4xg3
{ time. }
1-0

[Event "Tourn. n8744"]
[Site "www.chess-mail.com"]
[Date "2016.05.14"]
[Round "1"]
[White "Elogic"]
[Black "Bojan"]
[WhiteElo "1860"]
[BlackElo "1870"]
[Result "0-1"]
[Round "1"]
1.d4 d5
2.a4 e6
3.Bc1d2 c5
4.Ng1f3 a5
5.e3 c4
6.b3 cxb3
7.cxb3 Bc8d7
8.Bf1b5 Bd7xb5
9.axb5 Qd8b6
10.Nb1c3 Bf8b4
11.Nf3e5 h5
12.Qd1f3 Ng8f6
13.O-O Nb8d7
 { time }
0-1

[Event "Tourn. n8712"]
[Site "www.chess-mail.com"]
[Date "2016.05.14"]
[Round "1"]
[White "Fabos12"]
[Black "Elogic"]
[WhiteElo "1810"]
[BlackElo "1770"]
[Result "1-0"]
[Round "1"]
1.Ng1f3 c5
2.c3 b5
3.e3 Qd8b6
4.d4 e6
5.Nb1d2 cxd4
6.cxd4 g6
7.a4 bxa4
8.Qd1xa4 Nb8c6
9.e4 Bf8b4
10.Bf1b5 Nc6xd4
11.Nf3xd4 Qb6xd4
12.Qa4c2 Bc8b7
13.O-O Bb4xd2
14.Bc1xd2 Bb7xe4
15.Qc2c3 Qd4xc3
16.Bd2xc3 f6
17.Rf1d1 Be4c6
18.Bb5xc6 dxc6
19.Rd1d6 Kf7
20.Rd6xc6 Ng8e7
21.Rc6c7 Rh8d8
22.Bc3b4 Rd8e8
23.Ra1xa7 Ra8xa7
24.Rc7xa7  { time }
1-0

[Event "Tourn. n8654"]
[Site "www.chess-mail.com"]
[Date "2016.05.14"]
[Round "1"]
[White "Watford"]
[Black "Elogic"]
[WhiteElo "1690"]
[BlackElo "1960"]
[Result "1-0"]
[Round "1"]
1.d4 Ng8f6
2.c4 d6
3.Nb1c3 Bc8d7
4.e4 e5
5.Ng1f3 Bd7g4
6.dxe5 Bg4xf3
7.gxf3 dxe5
8.Qd1xd8 Kxd8
9.Bc1g5 Bf8e7
10.Bg5xf6 Be7xf6
11.O-O-O Nb8d7
12.Bf1h3 Bf6g5
13.Kc2 f5
14.Bh3xf5 g6
15.Bf5xd7 Ra8b8
16.Bd7h3 Ke8
17.Nc3d5 c6
18.Nd5c7 Kf8
19.Nc7e6 Ke7
20.Ne6xg5 h6
21.Ng5e6 g5
22.Ne6c5 Rh8d8
23.Rd1xd8 Rb8xd8
24.Nc5xb7 Rd8d4
25.b3 h5
26.Rh1d1  { time }
1-0

[Event "Tourn. n8695"]
[Site "www.chess-mail.com"]
[Date "2016.05.14"]
[Round "1"]
[White "Sargentoabel"]
[Black "Nikas"]
[WhiteElo "1809"]
[BlackElo "1960"]
[Result "0-1"]
[Round "1"]
1.e4 e5
2.Ng1f3 Nb8c6
3.Bf1b5 a6
4.Bb5a4 Ng8f6
5.O-O b5
6.Ba4b3 Bc8b7
7.c3 h6
8.d4 d6
9.Qd1e2 Bf8e7
10.Rf1d1 Qd8b8
11.Nf3h4 Bb7c8
12.Bc1e3 Nc6a5
13.Bb3c2 Na5c4
14.Be3c1 O-O
15.b3 Nc4b6
16.Nb1d2 Rf8e8
17.dxe5 dxe5
18.Nh4f5 Bc8xf5
19.exf5 Nb6d5
20.Bc1b2 Qb8b6
21.a4 Ra8d8
22.axb5 { time. }
0-1

[Event "Tourn. n8743"]
[Site "www.chess-mail.com"]
[Date "2016.05.14"]
[Round "1"]
[White "Cal"]
[Black "Daquata"]
[WhiteElo "1550"]
[BlackElo "1690"]
[Result "0-1"]
[Round "1"]
1.Ng1f3 d5
2.d4 Ng8f6
3.h3 Nb8c6
4.e3 Bc8f5
5.a3 e6
6.Bf1b5 a6
7.Bb5xc6 bxc6
8.Nb1c3 Bf8d6
9.O-O c5
10.dxc5 Bd6xc5
11.Nc3a4 Bc5a7
12.Nf3e5 Qd8d6
13.f4 O-O
14.b4 d4
15.Rf1f3 Bf5e4
16.Na4c5 Be4xf3
17.Qd1xf3 Ba7xc5
18.bxc5 Qd6xc5
19.c4 Ra8b8
20.e4 Rf8d8
21.Qf3g3 d3
22.Bc1e3 Qc5a5
23.c5 Nf6xe4
24.Qg3f3 Ne4xc5
25.Ne5c6 Qa5c3
26.Ra1c1 Qc3xa3
27.Be3xc5 Qa3xc1
28.Kh2 d2
29.Bc5e3 Qc1xc6
30.Qf3xc6 d1Q
31.Qc6xc7 Qd1d3
32.Be3g1 Qd3d6
33.Qc7xd6 Rd8xd6
34.Bg1c5 Rd6d5
35.Bc5a7 Rb8a8
36.Ba7b6 a5
37.h4 a4
{ resign }
0-1

[Event "Tourn. n8723"]
[Site "www.chess-mail.com"]
[Date "2016.05.14"]
[Round "1"]
[White "Osopanda"]
[Black "Bojan"]
[WhiteElo "1990"]
[BlackElo "1930"]
[Result "1-0"]
[Round "1"]
1.d4 g6
2.e4 d5
3.e5 Bf8g7
4.Bf1d3 f6
5.f4 Nb8c6
6.c3 Ng8h6
7.Ng1f3 Nh6f7
8.Bc1e3 Nc6a5
9.Nb1d2 b6
10.b4 e6
11.exf6 Bg7xf6
12.Nf3e5 Na5b7
13.Bd3b5 Kf8
14.O-O a6
15.Bb5a4 b5
16.Ba4c2 Nb7d6
17.Rf1f3 Nd6f5
18.Be3f2 Nf7d6
19.g4 Nf5g7
20.f5 exf5
21.gxf5 Ng7xf5
22.Nd2f1 Kg7
23.Nf1g3 Nf5h6
24.Qd1e2 Qd8e8
25.Rf3e3 Bf6g5
26.Re3f3 Rh8f8
27.Rf3xf8 Qe8xf8
28.Ra1f1 Bc8g4
29.Ne5xg4 Ra8e8
30.Ng4e5 Nh6g4
31.Qe2xg4 Bg5f6
32.Ne5d7 Qf8e7
33.Nd7xf6 Qe7xf6
34.Bf2e1 Qf6e7
35.Be1d2 Nd6c4
36.Bd2g5 Qe7d6
37.Bg5f4 Qd6e7
38.Ng3f5 { resign }
1-0